| Tag |
First Indicator |
Second Indicator |
Subfields |
| LEADER |
00000cam a2200000Ia 4500 |
| 001 |
in00002710941 |
| 005 |
20151202142308.0 |
| 008 |
110809s1786 fr 001 0 fre d |
| 035 |
|
|
|a (OCoLC)ocn746004407
|
| 035 |
|
|
|a (OCoLC)746004407
|
| 040 |
|
|
|a TXA
|c TEF
|d UtOrBLW
|
| 049 |
|
|
|a TXAM
|
| 050 |
|
4 |
|a BV4500
|b .L67 1786
|
| 090 |
|
|
|a BV4502
|b .L65 1786
|
| 100 |
1 |
|
|a Loquet, Marie-Françoise,
|d 1750-
|
| 245 |
1 |
0 |
|a Cruzamante, ou, La Sainte-amante de la croix /
|c par l'auteur des entretiens d'angélique, & du voyage de Sopie & d'Eulalie au palais de vrai bonheur.
|
| 246 |
3 |
0 |
|a Cruzamante
|
| 246 |
3 |
0 |
|a Sainte-amante de la croix
|
| 264 |
|
1 |
|a A Paris :
|b Chez Benoît Morin,
|c 1786.
|
| 300 |
|
|
|a xiv, 462 pages ;
|c 18 cm.
|
| 336 |
|
|
|a text
|b txt
|2 rdacontent
|
| 337 |
|
|
|a unmediated
|b n
|2 rdamedia
|
| 338 |
|
|
|a volume
|b nc
|2 rdacarrier
|
| 500 |
|
|
|a Includes index.
|
| 650 |
|
0 |
|a Christian life
|v Early works to 1800.
|
| 936 |
|
|
|a 408655985 457587749
|
| 948 |
|
|
|a cataloged
|b h
|c 2011/8/26
|d c
|e hgolay
|f 10:11:30 am
|
| 994 |
|
|
|a C0
|b TEF
|
| 999 |
|
|
|a MARS
|
| 999 |
f |
f |
|s 3d9ae97e-3c04-3ed5-94b1-355c08efc987
|i 463d39f4-47c2-3ee2-9640-9bb2abeed1c5
|t 0
|
| 952 |
f |
f |
|p noncirc
|a Texas A&M University
|b College Station
|c Cushing Memorial Library & Archives
|d Cushing: Dawson French (Does not check out)
|t 0
|e BV4502 .L65 1786
|h Library of Congress classification
|i unmediated -- volume
|m A14851970187
|
| 998 |
f |
f |
|a BV4502 .L65 1786
|t 0
|l Cushing: Dawson French (Does not check out)
|